000
00327 a2200157 4500
001
183194
020
_a
040
_c
Magnum
100
_a
Portes, Max de Figueiredo
240
1
0
_a
À sombra da noite
_l
por
245
1
0
_a
À sombra da noite
300
_a
136
362
0
_a
1987
697
_a
LITERATURA GERAL
942
_c
BK
999
_c
183194
_d
183194